000 03005nam a22005057a 4500
003 dpl
005 2008092907507.0
007 DVD
008 080917t xxu||||| |||| 00| 0 eng d
010 _aDVD-007540-548
024 _2DHIF 2283S
_c149.00
035 _aDVD-007540-548
035 _aDVD-004656-4661
037 _bPioneer Office Automation
040 _aDPL
_cDPL
082 _aDVD / LAHO
245 _aLahore
_cA Sanjay Puran Singh Films
_h[Videorecording] DVD /
_bbeyond borders, between nations lies a battle to end all wars
260 _aNew Delhi
_bMoser Baer India Ltd.
_c2010
300 _a1 Videodisc DVD:
_bsd., col.;
_c4 3/4 in.
_fDVD
440 _aMoser Baer India Ltd.
_933092
538 _aLanuage, Hindi; Subtitle, English,
538 _aEnglish Subtitles;
538 _aDVD players, 5.1 Digital sound; ; NTSC All Region
650 _a Motion Picture
_933093
700 _aAanahad
_933094
700 _aFarougue Shaikh
_933095
700 _aSushant Singh
_933096
700 _aNirmal Pandey
_933097
700 _aAshish Vidyarthi
_933098
700 _aDorji, Keely
_933099
700 _aAli, Nafisa
_933100
700 _aMukesh Rishi
_933101
700 _aKhatkar, Vivek
_933105
942 _2ddc
_cCF
_hDVD
_mLAHO
999 _c55638
_d55638